| 000 | 00650nam a2200217 a 4500 | ||
|---|---|---|---|
| 003 | PILC | ||
| 005 | 20160202123744.0 | ||
| 008 | 080116s19uu xx 00 eng d | ||
| 020 | _a0071112723 | ||
| 050 |
_aBF 311 _b.B636 2006 |
||
| 100 | _aBlake, Randolph. | ||
| 245 |
_aPerception / _cRandolph Blake, Robert Sekuler. |
||
| 250 | _a5th edition. | ||
| 260 |
_aU.S.A : _bMcGraw-Hill, _c2006. |
||
| 300 |
_a652 pages : _billustrations (some color) ; _c26 cm. |
||
| 500 | _aIncludes glossary, bibliographical references, and index. | ||
| 650 | _aPerception (Philosophy). | ||
| 700 | _aSekuler, Robert. | ||
| 942 |
_cBK _2lcc _kFOR |
||
| 999 |
_c22800 _d22800 |
||